Разработка методов оценки ресурсов и эколого-геохимического состояния природных вод (на примере бассейнов Томи и Средней Оби) и подготовка кадров нового уровня; Интеграция науки и высшего образования России

Bibliographic Details
Parent link:Интеграция науки и высшего образования России.— 2001.— С. 20-22.
Main Author: Шварцев С. Л. Степан Львович
Other Authors: Копылова Ю. Г. Юлия Григорьевна, Здвижков М. А.
Language:Russian
Published: 2001
Subjects:
Format: Book Chapter
KOHA link:https://koha.lib.tpu.ru/cgi-bin/koha/opac-detail.pl?biblionumber=82869

MARC

LEADER 00000naa2a2200000 4500
001 82869
005 20231031095913.0
035 |a (RuTPU)RU\TPU\book\89062 
090 |a 82869 
100 |a 20051007d2001 k y0rusy50 ca 
101 0 |a rus 
102 |a RU 
200 1 |a Разработка методов оценки ресурсов и эколого-геохимического состояния природных вод (на примере бассейнов Томи и Средней Оби) и подготовка кадров нового уровня  |f С. Л. Шварцев, Ю. Г. Копылова, М. А. Здвижков 
463 0 |0 (RuTPU)RU\TPU\book\73111  |y 5-93424-050-1  |t Интеграция науки и высшего образования России  |o Всероссийская конференция с международным участием. Тезисы докладов. 14-17 сентября 2001 г.   |h Ч. 2  |f Российская академия наук; Самарский государственный аэрокосмический университет им. академика С. П. Королева  |v С. 20-22.  |d 2001  |p 192 с. 
610 1 |a методы оценки 
610 1 |a реки 
610 1 |a Томь 
610 1 |a Обь 
610 1 |a воды природные 
610 1 |a подготовка кадров 
610 1 |a ресурсы 
610 1 |a труды учёных ТПУ 
700 1 |a Шварцев  |b С. Л.  |c российский гидрогеолог, доктор геолого-минералогических наук  |c профессор Томского политехнического университета, академик РАЕН  |f 1936-  |g Степан Львович  |2 stltpush  |3 (RuTPU)RU\TPU\pers\25914 
701 1 |a Копылова  |b Ю. Г.  |c гидрогеолог  |c доцент Томского политехнического университета, кандидат геолого-минералогических наук  |f 1941-  |g Юлия Григорьевна  |2 stltpush  |3 (RuTPU)RU\TPU\pers\26086 
701 1 |a Здвижков  |b М. А. 
801 1 |a RU  |b 63413507  |c 20051007  |g PSBO 
801 2 |a RU  |b 63413507  |c 20160429  |g PSBO 
942 |c BK